Statistics for Top 10 Countries With the Most Troops

Click here to take the quiz!

General Stats

  • This quiz has been taken 94 times
  • The average score is 9 of 10

Answer Stats

HintAnswer% Correct
2,285,000China
99%
1,046,000Russia
96%
1,564,000USA
96%
1,325,000India
95%
523,000Iran
93%
617,000Pakistan
92%
1,190,000North Korea
89%
665,000South Korea
85%
469,000Egypt
73%
511,000Turkey
70%

Score Distribution

Percentile by Number Answered

Percent of People with Each Score

Your Score History

You have not taken this quiz